| 000 -LEADER |
| fixed length control field |
00640nam a22000977a 4500 |
| 008 - FIXED-LENGTH DATA ELEMENTS--GENERAL INFORMATION |
| fixed length control field |
240530b ||||| |||| 00| 0 eng d |
| 100 ## - MAIN ENTRY--AUTHOR'S NAME |
| Author's Name |
O'Keef, Donna |
| 245 ## - TITLE STATEMENT |
| Title |
Philatelic Gems 1 |
| 260 ## - PUBLICATION, DISTRIBUTION, ETC. (IMPRINT) |
| Name of publisher, distributor, etc. |
Linn's |
| 650 ## - TOPICAL TERM (Tag) |
| Topical term or geographic name |
Rare Stamps|Argentina|Australia|Austria|Bermuda|Brazil|British Guiana| Canada|Canal Zone|Cape of Good Hope|Ceylon|Colombia|Danzig|Falkland Islands|Finaland|France|The Gambia|German East Aftrica|Germany|Gibraltar|Great Britain|Greece|Grenada|Hawaii|Honduras|India|Italy|Jamaica|Japan|Kenya|Mauritius|Mexico|New Brunswick|Newfoundland|Romania|Sicily|Spain|Sweden|Switzerland|Togo|Trinidad|Uganda|United States|Uruguay|Virgin Islands |